| 000 | 01072cam a2200133 4500500 | ||
|---|---|---|---|
| 005 | 20260405024722.0 | ||
| 041 | _afre | ||
| 042 | _adc | ||
| 100 | 1 | 0 |
_aAbabou, Farid _eauthor |
| 245 | 0 | 0 | _aLes bases de l'arabe : Grammaire progressive en 121 fiches |
| 260 |
_bArmand Colin,
_c2024. |
||
| 520 | _aLa compréhension de la grammaire est la porte donnant accès à la maîtrise de l’arabe. Cette grammaire pratique a été conçue, dans cette optique, pour faciliter au maximum la progression de l’étudiant, tout en lui assurant une présentation la plus complète possible des règles et des exceptions. Les notions grammaticales sont présentées clairement et simplement. Des exercices permettent de valider sa progression. Fruit d’un enseignement longtemps donné dans le secondaire et dans le supérieur, elle accompagnera l’arabisant dans ses années d’apprentissage et lui servira ensuite de références dans sa pratique de la langue. | ||
| 856 | 4 | 1 | _uhttps://shs.cairn.info/les-bases-de-l-arabe--9782200637224?lang=fr&redirect-ssocas=7080 |
| 999 |
_c2140778 _d2140778 |
||